| 000 | 00411nam a2200145Ia 4500 | ||
|---|---|---|---|
| 008 | 211109s9999||||xx |||||||||||||| ||und|| | ||
| 082 |
_a894.8123 _bMUK-E |
||
| 100 | _aMukundan, M | ||
| 245 | 0 | _aEzhamathe Poove | |
| 260 |
_bNATIONAL BOOKSTALL _aKottayam _c1978 |
||
| 300 | _a96p. | ||
| 630 | _xGeneral Stack | ||
| 650 |
_aMalayalam Literature _vMalayalam fiction _xMalayalam NovelsNOVELGeneralia |
||
| 942 | _cBOOK | ||
| 999 |
_c73322 _d73322 |
||